000 00985nam a2200229 a 4500
003 0
005 20250609150155.0
008 021114s19uu xx 00 eng d
050 _aPGS LB 2376
_b.D326 1999
100 _aDe Jesus, Ellyn Rose.
245 _aAnalysis of the personal social and educational adjustment of the foreign students of SIS Luxembourg campus, SY 1998-1999 /
_cEllyn Rose De Jesus.
260 _aLas PiƱas City, Philippines :
_bSouthville International School and Colleges,
_c1999.
300 _a38 pages :
_bcolored illustrations ;
_c28 cm.
504 _aIncludes bibliographical references.
650 _aStudents, Foreign
_zPhilippines.
650 _a Adjustment (Psychology) in children.
650 _aSocial adjustment
_vStudents
_zPhilippines.
650 _aAcademic achievement
_vForeign students.
650 _aIntercultural communication
_vStudy and teaching.
650 _aEducation, Elementary
_zPhilippines
_vForeign students.
942 _2lcc
_cPASS
999 _c96156
_d96156